BUBT Library Online Catalog

Manpower Planning & The Development of Human Resource (Record no. 1740)

000 -LEADER
fixed length control field 00627nam a2200217Ia 4500
003 - CONTROL NUMBER IDENTIFIER
control field BUBTL
008 - FIXED-LENGTH DATA ELEMENTS--GENERAL INFORMATION
fixed length control field 151213s9999 xx 000 0 und d
020 ## - INTERNATIONAL STANDARD BOOK NUMBER
International Standard Book Number 0-471-66944-x
082 ## - DEWEY DECIMAL CLASSIFICATION NUMBER
Classification number 658.30/PAM
100 ## - MAIN ENTRY--PERSONAL NAME
Personal name T. H. Patten
9 (RLIN) 3116
245 ## - TITLE STATEMENT
Title Manpower Planning & The Development of Human Resource
Statement of responsibility, etc. T. H. Patten
260 ## - PUBLICATION, DISTRIBUTION, ETC. (IMPRINT)
Place of publication, distribution, etc. London
Name of publisher, distributor, etc. a Divison of John Wiky
Date of publication, distribution, etc. 1971
300 ## - PHYSICAL DESCRIPTION
Extent [x], 737p . :
Other physical details ill . ; 22cm
500 ## - GENERAL NOTE
General note Includes Index
650 ## - SUBJECT ADDED ENTRY--TOPICAL TERM
Topical term or geographic name as entry element Management
9 (RLIN) 3117
650 ## - SUBJECT ADDED ENTRY--TOPICAL TERM
Topical term or geographic name as entry element Management
9 (RLIN) 3117
700 ## - ADDED ENTRY--PERSONAL NAME
Personal name T. H. Patten
9 (RLIN) 3116
856 ## - ELECTRONIC LOCATION AND ACCESS
Password 0
Logon 0
Link text Download
942 ## - ADDED ENTRY ELEMENTS (KOHA)
Source of classification or shelving scheme
Koha item type Books
Holdings
Withdrawn status Lost status Source of classification or shelving scheme Damaged status Not for loan Collection code Permanent location Current location Shelving location Date acquired Inventory number Total Checkouts Full call number Barcode Date last seen Copy number Price effective from Koha item type
          Non-fiction Bangladesh University of Business and Technology Library Bangladesh University of Business and Technology Library Management Stacks 06/08/2020 2523   658.30/PAM BUBTL-20032523 06/08/2020 C-1 06/08/2020 Books

More Information About Library

Library Hours

  • Open: 9.00 am. to 9.00 pm.
  • Only Sunday: 9.00 am. to 6.00 pm.
  • Closed: Holiday

Contact to the University

Bangladesh University of Business and Technology Library

  • Mirpurl-2, 1216.
  • Phone:
  • Fax:
  • E-Mail: admin.library@bubt.edu.bd

Contact to the Library

Contact Person:

Md. Abdul Hakim Shah
Joint Librarian
PABX No:  113
Cell No: 01816332931
E-mail: official: admin.library@bubt.edu.bd
Personal: hakim.shah@bubt.edu.bd


BUBT Library

Copyright © 2021